| 000 | 00679nam a2200193Ia 4500 | ||
|---|---|---|---|
| 003 | LK-CoDNM | ||
| 005 | 20240213135137.0 | ||
| 008 | 010623t1902 xxu||||| |||| 00| 1 sin d | ||
| 040 |
_aLK-CoDNM _dLK-CoDNM _eLK-CoDNM |
||
| 041 | _asin | ||
| 080 |
_a104 _bT 4 |
||
| 100 | _aBandappuhami,H.J | ||
| 245 | _aකව් මිණි පහන නොහොත් කිරිමැටියානේ සුධම්මවාසාරාම විහාරාලංකාරය | ||
| 246 | _aKav Mini Pahana nohoth Kirimetiyaane Sudhammavansaaraama Vihaaraalankaaraya | ||
| 260 |
_bG.Odiris _aColombo _c1902 |
||
| 300 | _b16p., 22 cm | ||
| 650 | _aIndigenous Medicine | ||
| 942 | _cBK | ||
| 999 |
_c85433 _d85433 |
||